Z jakiego kraju pochodzi ten zespół/wykowca? -Wszystkie dekady - Statystyki

Ogólne statystyki
  • Ten quiz został rozwiązany 720 razy
  • Średni wynik to 15 z 35
Statystyki odpowiedzi
Lp Nazwa zespołu/wykowca Kraj pochodzenia % Poprawnych
2 Republika Polska
89%
7 Abba Szwecja
86%
14 Queen Anglia
82%
8 Borys Szatunow Rosja
80%
3 Die Toten Hosen Niemcy
78%
27 PSY Korea Południowa
77%
4 Iron Maiden Anglia
74%
13 Shakira Kolumbia
73%
22 Helena Vondráčková Czechy
66%
34 Pink Floyd Anglia
62%
5 U2 Irlandia
58%
12 AC/DC Australia
54%
16 Scorpions Niemcy
54%
25 Bruce Springsteen Stany Zjednoczone
52%
30 Hatsune Miku Japonia
49%
28 Zucchero Włochy
43%
29 Héroes del Silencio Hiszpania
42%
24 Amy MacDonald Szkocja
38%
23 Farben Lehre Polska
36%
9 Omega Węgry
35%
6 Daft Punk Francja
31%
26 A-ha Norwegia
31%
21 Tiësto Holandia
28%
1 Rush Kanada
27%
10 Blue Öyster Cult Stany Zjednoczone
26%
35 Sepultura Brazylia
16%
18 Falco Austria
15%
11 Children of Bodom Finlandia
13%
17 Airbourne Australia
12%
15 Amon Amarth Szwecja
12%
19 Poets of the Fall Finlandia
4%
33 Phoenix Francja
4%
20 Krokus Szwajcaria
4%
31 Accent Białoruś
2%
32 Septicflesh Grecja
2%
Nie znaleziono quizów pasujących do podanych kryteriów
Rozkład punktacji
Procent ludzi z każdym wynikiem
Percentyl według liczby udzielonych odpowiedzi
Twoja historia wyników
Nie rozwiązałeś tego quizu